LEADER 05660nam 2200553 450 001 9910466479803321 005 20200729111955.0 010 $a1-5231-3260-4 010 $a1-63081-473-3 035 $a(CKB)4100000004835349 035 $a(MiAaPQ)EBC5430730 035 $a(CaBNVSL)mat09100532 035 $a(IEEE)9100532 035 $a(EXLCZ)994100000004835349 100 $a20200729d2017 uy 101 0 $aeng 135 $aurcnu|||||||| 181 $ctxt$2rdacontent 182 $cc$2rdamedia 183 $acr$2rdacarrier 200 10$aPlug-in electric vehicle grid integration /$fc?Islam dSafak Bayram, Ali Tajer 210 1$aNorwood, Massachusetts :$cArtech House,$d[2017] 210 2$a[Piscataqay, New Jersey] :$cIEEE Xplore,$d[2017] 215 $a1 online resource (xv, 270 pages) $cillustrations 225 1 $aArtech House power engineering series 311 $a1-63081-051-7 320 $aIncludes bibliographical references and index. 327 $aPlug-in Electric Vehicle Grid Integration; Contents; Preface; Introduction to Plug-in Electric Vehicles; Introduction; Environmental Aspects; Cost Savings; Energy Independence and Security; History of Electric Transportation; Early Days; Decline of Electric Vehicles; Electric Vehicle Models and Specifications; Battery Electric Vehicles; Plug-in Hybrid Electric Vehicles; Hybrid Electric Vehicles; Fuel-Cell Electric Vehicles; Fuel Efficiency Measures; Comparison of Carbon Emissions; Plug-in Electric Vehicle Sales; Chapter Summary; Enabling Technologies; Battery Technology; Lithium-ion Batteries. 327 $aBasic Battery TerminologyDesign Criteria; Battery Management Systems; Plug-in Electric Vehicle Drivetrain Architectures; Electric Vehicle Service Equipment; Battery Charger Technology; Charging Rates and Options; Wireless Charging; Charging Station Deployment; Chapter Summary; Roadblocks to PEV Integration; Impacts of PEV Charging; Distribution Network; Impacts on Generation Portfolio; Transmission Network; Network of Charging Stations; High Acquisition Cost; Chapter Summary; PEV Cost Models; Battery Degradation Cost; PEV Battery Modeling; Modeling Approach I: NREL Model; Modeling Approach II. 327 $aModeling Approach IIIElectricity Cost; All-in-Rate; Time-of-Use Rates; Critical-Peak Pricing; Real-Time Pricing; Inclining Block Rates; Case Study; Chapter Summary; Economics of Charging Services; Introduction; Charging for Services; Consumer's Perspective; Service Provider's Perspective; Socially Optimal Pricing; Other Pricing Constraints; Finite Capacity; Auction-based Pricing; Untruthful Behavior; Teletraffic Theory; Congestion and Its Effect on Pricing; Network Externalities; Demand Forecasting; Chapter Summary; Capacity Planning for Large-Scale PEV Charging Stations; Introduction. 327 $aSystem DescriptionStorage Capacity Analysis for Single-class PEVs; Energy Storage Access Dynamics; Analyzing Distributions; Single-charger Technology with One PEV; Single-charger Technology with Multiple PEVs; Storage Capacity Analysis for Multiclass PEVs; Effective Demand; Numerical Examples; Single-class Customers; Multi-class Customers; Chapter Summary; Capacity Planning for Small-Scale PEV Charging Stations; Introduction; System Description; Stochastic Model; Toy Example; Profit Model; Performance Evaluation; Stations with Competing Energy Storage Technologies. 327 $aSystem Metamodeling ApproachChapter Summary; PEV Demand Control; Introduction; Load Management for Fast-Charging Stations; Load Management at a Fast-Charging Station; Numerical Evaluation; Load Management at Multiple Charging Technology; System Model; Problem Formulation; Global Problem; Local Problems; Connection between Global and Local Problems; Computing LoLPs; Numerical Evaluation; Chapter Summary; Optimal Service Rates; Introduction; Competing Performance Measures for PEV Charging; Optimal Individual Battery Charging; Numerical Evaluation; Charging Control at a Fast-Charging Station. 330 3 $aThis authoritative new resource provides a comprehensive introduction to plug-in electric vehicles (PEVs), including critical discussions on energy storage and converter technology. The architecture and models for sustainable charging infrastructures and capacity planning of small scale fast charging stations are presented. This book considers PEVs as mobile storage units and explains how PEVS can provide services to the grid. Enabling technologies are explored, including energy storage, converter, and charger technologies for home and park charging. The adoption of EV is discussed and examples are given from the individual battery level to the city level.n nThis book provides guidance on how to build and design sustainable transportation systems. Optimal arrival rates, optimal service rates, facility location problems, load balancing, and demand forecasts are covered in this book. Time-saving MATLAB code and background tables are included in this resource to help engineers with their projects in the field.$cPublisher abstract. 410 0$aArtech House power engineering series. 606 $aElectric vehicles 606 $aBattery charging stations (Electric vehicles) 608 $aElectronic books. 615 0$aElectric vehicles. 615 0$aBattery charging stations (Electric vehicles) 676 $a629.2293 700 $aBayram$b c?Islam dSafak$0971442 702 $aTajer$b Ali 801 0$bCaBNVSL 801 1$bCaBNVSL 801 2$bCaBNVSL 906 $aBOOK 912 $a9910466479803321 996 $aPlug-in electric vehicle grid integration$92208397 997 $aUNINA LEADER 04012nam 2200625 a 450 001 9910789694503321 005 20230721014348.0 010 $a0-8389-9141-6 010 $a1-283-17418-9 010 $a9786613174185 010 $a0-8389-9140-8 035 $a(CKB)2670000000105870 035 $a(EBL)737833 035 $a(OCoLC)742333514 035 $a(SSID)ssj0000672592 035 $a(PQKBManifestationID)11457299 035 $a(PQKBTitleCode)TC0000672592 035 $a(PQKBWorkID)10636375 035 $a(PQKB)11615001 035 $a(MiAaPQ)EBC737833 035 $a(Au-PeEL)EBL737833 035 $a(CaPaEBR)ebr10486805 035 $a(CaONFJC)MIL317418 035 $a(EXLCZ)992670000000105870 100 $a20110818d2009 uy 0 101 0 $aeng 135 $aur|n|---||||| 181 $ctxt 182 $cc 183 $acr 200 10$aBuilding the digital branch$b[electronic resource] $eguidelines for transforming your library website /$fDavid Lee King 210 $aChicago $cALA TechSource$d2009 215 $a1 online resource (42 p.) 225 1 $aLibrary technology reports : expert guides to library systems and services,$x0024-2586 ;$vv. 45, no. 6 300 $a"August/September 2009"--Cover. 311 $a0-8389-5804-4 320 $aIncludes bibliographical references. 327 $aTable of Contents; Chapter 1 - What Is a Digital Branch, Anyway?; The Purpose of This Report; The Digital Branch Defined; What's a Website?; Traditional Libraries; Building; Budget; Staff; Collection; Community; What Is a Digital Branch?; Real Staff; Real Collection; Real Building; Real Community; The Digital Branch Allows a Choice; What's Next?; Notes; Chapter 2 - Gathering Information; Hold Discussions; Start with the Leaders; Ask the Public Services Staff; Don't Forget the Patrons - Your Customers; Observing; Note; Chapter 3 - The Planning Process; Pull Your Information Together 327 $aGather a CommitteeGo Visit the Managers Again; Note; Chapter 4 - Building the Branch; First Decisions; Content Management System; What Do You Want Your CMS to Do?; CMS Options; Windows or Linux?; Next Up: Design; The Design Process; HTML Prototype; Seeking Feedback; Building: Getting Started; Time; Deadlines; Staff; Creating Content; Notes; Chapter 5 - What to Do Once Your Site Is Built; Focus on Staff; Continuous Writing; Job-Specific Training; Training and Coaching on Improvements; Touching Base; Modeling the Way; Creating a Style Guide; Continued Focus on Site Improvements 327 $aChapter 6 - Creating Community at the Digital BranchWhat Is Digital Community?; Tools That Help Facilitate Digital Community; Blogs; IM and SMS Messaging; Twitter; Outposts - Content and Comments; Getting Participation at Your Digital Branch; Listening First; Creating Content; Being Real; Notes; Chapter 7 - Planning for the Next Phase; Current Updates; Building Outposts; Strategic Planning: Next Steps; No Dry Rot; Teaching/Training; Chapter 8 - Resources; Books on Building and Improving Websites; Blogs and Websites Relevant to this Report; Great List of Web Designers to Follow on Twitter 327 $aContent Management SystemsWikipedia List of Content Management Systems; Social Media Tools to Enhance your Digital Branch; Must-Have Social Networking Sites - Start with These; Other Useful Tools and Services; Selected Digital Branches 330 $aThis issue of Library Technology Reports explores the idea of the digital branch-a library website that is a vital, functional resource for patrons and enhances the library's place within its community. 410 0$aLibrary technology reports ;$vv. 45, no. 6. 606 $aLibrary Web sites 615 0$aLibrary Web sites. 676 $a025.04 676 $a20 700 $aKing$b David Lee$01533586 801 0$bMiAaPQ 801 1$bMiAaPQ 801 2$bMiAaPQ 906 $aBOOK 912 $a9910789694503321 996 $aBuilding the digital branch$93790685 997 $aUNINA